Science Quiz

Random Science or Famous Quiz

Who's That With Neil deGrasse Tyson? Quiz Stats

 Plays Quiz Updated Mar 18, 2018

Score 0/20 Timer 05:00
4 Plays Today
% Correct
Bill Clinton
95.3%
Whoopi Goldberg
90.3%
Bill Nye
90%
'The Big Bang Theory' Main Cast
85.5%
Ben Stiller
85.3%
Jay Leno
85.3%
Stephen Colbert
80.2%
William Shatner
77.7%
Penn & Teller
76.9%
Jimmy Carter
76.8%
% Correct
Steve Harvey
70%
James Corden and Andy Samberg
67.6%
Buzz Aldrin
67.6%
Adam Savage and Jamie Hyneman
65.6%
Seth MacFarlane
62%
Terry Crews
52.7%
Dan Aykroyd
52.4%
Hank Azaria
38.4%
Josh Groban
38%
Chris Hardwick
26.4%

You're not logged in!

Compare scores with friends on all Sporcle quizzes.
OR
Log In

Sporcle TV

Today on Sporcle TV


Watch our educational content, quiz creation guides, and fun videos on Sporcle TV.

Show Comments

Extras

Top Quizzes Today


Score Distribution

Your Account Isn't Verified!

In order to create a playlist on Sporcle, you need to verify the email address you used during registration. Go to your Sporcle Settings to finish the process.

Report this User

Report this user for behavior that violates our Community Guidelines.

Details: